Sborník prací Filozofické fakulty brněnské univerzity. Řada anglistická (S)

Předchozí název: Sborník prací Filozofické fakulty brněnské univerzity. Řada germanisticko-anglistická
Korporativní autor: Masarykova univerzita. Filozofická fakulta
Jazyk: Angličtina
Vydáno: Brno : Masarykova univerzita, 1990-^^^^
Témata:
Fyzický popis: ^^^sv. ; 24 cm
Odebírané ročníky: 1989-98
Odebírané svazky: 18-24
Noviny a časopisy
Uloženo v:
LEADER 02694nas a22005052a 4500
001 000219826
003 CZ BrMZK
005 20090604135731.0
008 010907c19909999xr ar pf 0eng d
022 |a 1211-1791 
040 |a BOA001  |b cze 
080 |a 378.4(437.222).096:1(082)  |2 MRF 
080 |a 802.0(082)  |2 MRF 
080 |a 820(082)  |2 MRF 
222 0 |a Sborník prací Filozofické fakulty brněnské univerzity. Řada anglistická 
245 0 0 |a Sborník prací Filozofické fakulty brněnské univerzity.  |p Řada anglistická (S) 
246 3 |a Brno studies in English 
246 3 0 |a Řada anglistická (S) 
246 3 0 |a Series anglica (S) 
246 3 1 |a Studia minora facultatis philosophicae universitatis Brunensis. Series anglica 
260 |a Brno :  |b Masarykova univerzita,  |c 1990-^^^^ 
300 |a ^^^sv. ;  |c 24 cm 
310 |a Ročenka 
362 0 |a 1990 
500 |a Do r. 1990 sign.: C-0000.252 
500 |a Souběžný latinský název: Studia minora facultatis philosophicae universitatis Brunensis. Series anglica 
500 |a Jednotlivé sv. mají č. ISBN 
500 |a Anglický text 
653 0 |a anglistika 
740 0 2 |a Brno studies in English 
710 2 |a Masarykova univerzita.  |b Filozofická fakulta  |7 kn20010709276 
780 0 3 |t Sborník prací Filozofické fakulty brněnské univerzity. Řada germanisticko-anglistická 
910 |a BOA001  |b PK-C-0001.743  |r 1989-98  |s 18-24 
964 |a Anglistika  |x sborníky 
964 |a Masarykova univerzita  |b Filozofická fakulta  |c Brno  |x sborníky 
990 |a SE 
996 6 |b 3119011282  |c PK-C-0001.743  |d 1997 23  |v 23  |y 1997  |l MZK  |r Sklad / do 1 hodiny  |n 1  |p kup  |w 000219826  |u 000020  |a 1  |e BOA001  |j MZK50  |s P 
996 6 |b 3119016834  |c PK-C-0001.743  |d 1998 24  |v 24  |y 1998  |l MZK  |r Sklad / do 1 hodiny  |n 1  |p kup  |w 000219826  |u 000030  |a 1  |e BOA001  |j MZK50  |s P 
996 6 |b 3119648711  |c PK-C-0001.743  |d 1996 22  |v 22  |y 1996  |l MZK  |r Sklad / do 1 hodiny  |n 1  |w 000219826  |u 000100  |a 1  |e BOA001  |j MZK50  |s P 
996 6 |b 3119672201  |c PK-C-0001.743  |d 1995 21  |v 21  |y 1995  |l MZK  |r Sklad / do 1 hodiny  |n 0  |w 000219826  |u 000090  |a 1  |e BOA001  |j MZK50  |s P 
996 6 |b 3119672202  |c PK-C-0001.743  |d 1993 20  |v 20  |y 1993  |l MZK  |r Sklad / do 1 hodiny  |n 0  |w 000219826  |u 000080  |a 1  |e BOA001  |j MZK50  |s P 
996 6 |b 3119672203  |c PK-C-0001.743  |d 1991  |y 1991  |l MZK  |r Sklad / do 1 hodiny  |n 0  |w 000219826  |u 000070  |a 1  |e BOA001  |j MZK50  |s P 
996 6 |b 3119672204  |c PK-C-0001.743  |d 1991  |y 1990  |l MZK  |r Sklad / do 1 hodiny  |n 0  |w 000219826  |u 000110  |a 1  |e BOA001  |j MZK50  |s P 
996 6 |b 3119672205  |c PK-C-0001.743  |d 1989  |y 1989  |l MZK  |r Sklad / do 1 hodiny  |n 0  |w 000219826  |u 000050  |a 1  |e BOA001  |j MZK50  |s P 
996 6 |b 3119949609  |c PK-C-0001.743  |d 1989  |y 1989  |l MZK  |r Sklad / do 1 hodiny  |n 0  |w 000219826  |u 000010  |a 1  |e BOA001  |j MZK50  |s P